000 00641nam a2200277Ia 4500
008 160525s9999||||xx |||||||||||||| ||und||
040 _cEnglish
082 _aXIV.A/Majumdar
082 _bBORI-12228
100 _aDr. R. Majumdar
245 _aSuvarnadvipa
260 _aAsoke Majumdar
260 _cRamna Dacca
300 _axviii+436+16
300 _cB
300 _eHardbound
530 _u00012228.pdf
563 _aStudy
600 _aDr. R. Majumdar
630 _aSuvarnadvipa
650 _aArcheology
650 _aArcheology Study
700 _aDr. R. Majumdar
730 _aSuvarnadvipa
942 _cBOOK
999 _c1376521
_d1376518